000 00685nam a2200241Ia 4500
003 OSt
005 20220926013148.0
006 a|||||r|||| 00| 0
007 ta
008 220923b |||||||| |||| 00| 0 eng d
037 _cGeneral Book
040 _aRTL
_cRTL
_beng
041 _2eng
_aeng
082 _aX:8D, L6; 9
100 _aGitman Lawrence J
_9297742
245 0 _aPrinciples of mangerial finance
250 _a2nd
260 _aNew York
_bHarper and Row USA
_c1979
300 _axvii, 776p. Bibliography chapterwise, Appendix P A1-A54
_ccm.
650 _aFinance
942 _hX:8D, L6; 9
_cGB
_2CC
999 _c625305
_d625305